| 000 | 00792nam a22002417a 4500 | ||
|---|---|---|---|
| 005 | 20250203152104.0 | ||
| 008 | 250130b |||||||| |||| 00| 0 eng d | ||
| 020 | _a978-93-54359-79-8 (pbk) | ||
| 037 | _cTB | ||
| 040 |
_aCRL _cCRL |
||
| 041 |
_2eng _aeng |
||
| 084 |
_aP:795 Q7 _qCRL |
||
| 100 |
_aMaitland, Sarah _9734895 |
||
| 245 | _aWhat is cultural translation? | ||
| 260 |
_aNew Delhi, India: _bBloomsbury, _c2024 |
||
| 300 | _a177p. | ||
| 365 |
_b499.00 _cINR |
||
| 490 | _aBloomsbury advances in translation series; Edited by Jeremy Munday | ||
| 650 | _aTranslating and Interpreting | ||
| 650 | _aLinguistics | ||
| 942 |
_2CC _cTB _hP:795 Q7 _n0 |
||
| 999 |
_c1238315 _d1238315 |
||